000 00726cam a2200217 4500
001 WB3912-08
008 030325n2003 000 0 eng u
035 _a(Sirsi) u121718
245 _aHigh Hedges Bill information pack
260 _c2003
490 _aRICS Rural Faculty News
_v 24 March 2003 (1)
520 _aThe ODPM has published an information pack detailing the implications of the High Hedges Bill as it begins its progress through the House of Commons. http://www.urban.odpm.gov.uk/greenspace/trees/
590 _aWB
650 _aHIGH HEDGES
650 _aTREES
650 _aTREE PLANTING
650 _aBEST PRACTICE
650 _aBILLS
690 _aENVIRONMENTAL AND LAND CONSULTANCY
942 _n0
999 _c72339
_d72339